| 000 | 00664nam a22002172a 4500 | ||
|---|---|---|---|
| 001 | 19037 | ||
| 003 | BD-RjUL | ||
| 005 | 20211209000356.0 | ||
| 008 | 140223m19631962enk 000 1 eng d | ||
| 035 |
_aOCLC ocm33885685 from D960415M _a(BD-RjUL)19095 |
||
| 040 |
_aSFR _cSFR _dEQO _dBD-RjUL _beng |
||
| 041 | _aeng | ||
| 082 |
_a823.9 _bMID 1963 |
||
| 100 | 1 |
_aMitchell, Julian, _d1935- _958653 |
|
| 245 | 1 | 2 |
_aA disturbing influence / _cJulian Mitchell |
| 260 |
_aLondon : _bPanther Books, _cc1962, 1963 |
||
| 300 |
_a141 p. ; _c17 cm |
||
| 650 | 0 |
_aTeenagers _xSexual behavior _xFiction _958654 |
|
| 650 | 0 |
_aInfluence (Psychology) _xFiction _958655 |
|
| 942 |
_2ddc _cBK |
||
| 999 |
_c19037 _d19037 |
||